[Event "FRA-ch op-B"]
[Site "Pau"]
[Date "2012.08.15"]
[Round "2"]
[White "Le Bail, Arielle"]
[Black "Burtin, Laurent"]
[Result "1-0"]
[WhiteElo "1876"]
[BlackElo "1950"]
[PlyCount "43"]
[EventDate "2012.08.14"]
[EventType "swiss"]
[EventRounds "11"]
[EventCountry "FRA"]
[SourceTitle "EXT 2013"]
[Source "ChessBase"]
[SourceDate "2012.11.22"]
[SourceVersion "1"]
[SourceVersionDate "2012.11.22"]
[SourceQuality "1"]

1. d4 d5 2. c4 Nf6 3. Nc3 e6 4. cxd5 Nxd5 5. e4 Nb6 6. Nf3 c5 7. Be3 cxd4 8. Nxd4 Bb4 9. Qb3 Bxc3+ 10. Qxc3 0-0 11. Be2 Bd7 12. 0-0 Nc6 13. Rad1 Nxd4 14. Bxd4 Rc8 15. Qa3 Ra8 16. Qg3 f6 17. Bxb6 axb6 18. Bb5 Bxb5 19. Rxd8 Rfxd8 20. Rc1 Rd7 21. Qb3 Rad8 22. f3 1-0

[Event "FRA-chT2D 0506"]
[Site "France"]
[Date "2006.04.01"]
[Round "10.9"]
[White "Netzer, Jean Lucien"]
[Black "Burtin, Laurent"]
[Result "0-1"]
[WhiteElo "1400"]
[BlackElo "1900"]
[PlyCount "108"]
[EventDate "2005.10.27"]
[EventType "team-tourn"]
[EventRounds "11"]
[EventCountry "FRA"]
[SourceTitle "EXT 2006"]
[Source "ChessBase"]
[SourceDate "2005.11.24"]
[SourceVersion "1"]
[SourceVersionDate "2005.11.24"]
[SourceQuality "1"]
[WhiteTeam "Bischwiller"]
[BlackTeam "Montrevel en Bresse"]
[WhiteTeamCountry "FRA"]
[BlackTeamCountry "FRA"]

1. Nf3 c5 2. g3 d6 3. Bg2 Nf6 4. c4 Nc6 5. 0-0 g6 6. a3 Bg7 7. Nc3 0-0 8. d3 Rb8 9. Ra2 Bd7 10. b3 a6 11. Bb2 Nd4 12. Nxd4 cxd4 13. Ne4 Nxe4 14. Bxe4 Bc6 15. Qa1 Qb6 16. b4 e5 17. Bxc6 bxc6 18. Bc1 Rb7 19. e4 f5 20. f3 Rbf7 21. Raf2 Qb7 22. Qa2 c5 23. Bd2 Qd7 24. Be1 Qa4 25. Kg2 Bh6 26. b5 Be3 27. Rb2 fxe4 28. dxe4 Qd1 29. Qb1 Qa4 30. b6 Qxc4 31. b7 Rb8 32. Bf2 Bg5 33. Qc2 Qxc2 34. Rxc2 Rbxb7 35. h4 Bd8 36. Rfc1 Rb3 37. Rb1 Rbxf3 38. Rb8 Rf8 39. Rb7 R3f7 40. Rxf7 Rxf7 41. Rb2 Kg7 42. Kf1 Ba5 43. Ke2 c4 44. Rb1 d3+ 45. Kd1 Rxf2 46. Rb7+ Rf7 47. Rxf7+ Kxf7 48. g4 c3 49. h5 gxh5 50. gxh5 Ke6 51. h6 d5 52. a4 dxe4 53. Ke1 c2+ 54. Kf2 c1Q 0-1

[Event "Loire Cup 2000 Phase Ligue"]
[Site "Loire"]
[Date "2003.02.23"]
[Round "1"]
[White "Burtin, Laurent"]
[Black "Pupier, Terry"]
[Result "1-0"]
[WhiteElo "1930"]
[BlackElo "1780"]
[PlyCount "81"]
[EventDate "2003.02.23"]
[EventType "team"]
[EventRounds "3"]
[EventCountry "FRA"]
[SourceTitle "EXT 2008"]
[Source "ChessBase"]
[SourceDate "2007.11.25"]
[SourceVersion "1"]
[SourceVersionDate "2007.11.25"]
[SourceQuality "1"]

1. e4 c6 2. Bc4 d5 3. exd5 cxd5 4. Bb3 e6 5. d4 Nc6 6. c3 Nf6 7. Nf3 Qd7 8. Bg5 Be7 9. Nbd2 0-0 10. 0-0 Ng4 11. Bxe7 Qxe7 12. Re1 Qc7 13. h3 Nf6 14. Bc2 Re8 15. Ne5 Nxe5 16. dxe5 Nd7 17. Nf3 g6 18. Qd2 Kg7 19. Rad1 b6 20. Qf4 h6 21. Nd4 Ba6 22. h4 Rac8 23. h5 g5 24. Qe3 Nf8 25. f4 Qe7 26. Rd2 Nh7 27. b4 Bc4 28. Bb1 b5 29. Rf2 g4 30. f5 Qg5 31. f6+ Kh8 32. Qxg5 Nxg5 33. Rf4 g3 34. Rg4 Rg8 35. Rxg3 Nf3+ 36. Rxf3 Rg5 37. Ree3 Rcg8 38. g3 Rxh5 39. Nc6 a6 40. Ne7 Rgg5 41. Nc6 1-0